[Event "Titled Tuesday intern op 30th Jan Early"]
[Site "Chess.com INT"]
[Date "2024.01.30"]
[Round "8"]
[White "Osinovsky, Stepan"]
[Black "Demin, Vladimir"]
[Result "1-0"]
[WhiteElo "2241"]
[BlackElo "2430"]
[PlyCount "43"]
[EventDate "2024.01.30"]
[EventType "swiss (blitz)"]
[EventRounds "11"]
[EventCountry "USA"]
[SourceTitle "EXT 2025"]
[Source "ChessBase"]
[SourceDate "2024.10.14"]
[SourceVersion "1"]
[SourceVersionDate "2024.10.14"]
[SourceQuality "1"]

1. e4 e5 2. Nf3 Nc6 3. Bb5 a6 4. Ba4 Nf6 5. 0-0 Nxe4 6. d4 b5 7. Bb3 d5 8. Nxe5 Nxe5 9. dxe5 c6 10. Be3 Bc5 11. Nd2 Nxd2 12. Qxd2 Bxe3 13. Qxe3 Bf5 14. a4 0-0 15. Qc5 Qc7 16. axb5 axb5 17. Bxd5 Rxa1 18. Rxa1 Be6 19. Bf3 h6 20. h3 Rd8 21. Ra7 Bd5 22. Rxc7 1-0

[Event "Titled Tuesday intern op 23rd Jan Early"]
[Site "Chess.com INT"]
[Date "2024.01.23"]
[Round "2"]
[White "Demin, Vladimir"]
[Black "Alonso Rosell, Alvar"]
[Result "0-1"]
[WhiteElo "2430"]
[BlackElo "2562"]
[PlyCount "52"]
[EventDate "2024.01.23"]
[EventType "swiss (blitz)"]
[EventRounds "11"]
[EventCountry "USA"]
[SourceTitle "EXT 2025"]
[Source "ChessBase"]
[SourceDate "2024.10.14"]
[SourceVersion "1"]
[SourceVersionDate "2024.10.14"]
[SourceQuality "1"]

1. d4 Nf6 2. Nc3 c5 3. dxc5 e6 4. e4 Nc6 5. Be3 Qa5 6. Bd3 Bxc5 7. Bxc5 Qxc5 8. Nf3 0-0 9. 0-0 d6 10. a3 e5 11. h3 a6 12. Re1 h6 13. Qd2 Be6 14. Rad1 Rfd8 15. b4 Qb6 16. Na4 Qc7 17. c4 Ne7 18. Rc1 Ng6 19. Bf1 Qc6 20. Nc3 Rac8 21. Nd5 Bxd5 22. exd5 Qa4 23. Qe3 b5 24. g3 bxc4 25. Bxc4 Ne7 26. Red1 Rxc4 0-1

[Event "Titled Tuesday intern op 23rd Jan Early"]
[Site "Chess.com INT"]
[Date "2024.01.23"]
[Round "9"]
[White "George Micheal, Kevin"]
[Black "Demin, Vladimir"]
[Result "0-1"]
[WhiteElo "2261"]
[BlackElo "2430"]
[PlyCount "100"]
[EventDate "2024.01.23"]
[EventType "swiss (blitz)"]
[EventRounds "11"]
[EventCountry "USA"]
[SourceTitle "EXT 2025"]
[Source "ChessBase"]
[SourceDate "2024.10.14"]
[SourceVersion "1"]
[SourceVersionDate "2024.10.14"]
[SourceQuality "1"]

1. d4 Nf6 2. Nf3 d5 3. c4 e6 4. Nc3 c5 5. cxd5 cxd4 6. Qxd4 exd5 7. Bg5 Be7 8. e3 0-0 9. Bd3 h6 10. Bh4 Nc6 11. Qa4 a6 12. 0-0 b5 13. Bxb5 axb5 14. Qxa8 Qb6 15. Bxf6 Be6 16. Qxf8+ Bxf8 17. Bd4 Nxd4 18. Nxd4 Bc5 19. Ncxb5 Bd7 20. a4 Qa5 21. Rfc1 Qb4 22. b3 g6 23. Rab1 h5 24. Nc2 Qd2 25. b4 Bxb5 26. axb5 Bb6 27. Ne1 d4 28. Nf3 Qd3 29. Nxd4 h4 30. Rd1 Qc4 31. h3 f5 32. Rdc1 Qd3 33. Rb2 f4 34. Rc8+ Kh7 35. Rc6 fxe3 36. Rxb6 Qxd4 37. Rb7+ Kh6 38. Rb1 exf2+ 39. Kh1 Qe4 40. Rf1 Qe2 41. Rxf2 Qxf2 42. b6 Qe1+ 43. Kh2 Qe5+ 44. Kh1 Qe1+ 45. Kh2 Qxb4 46. Rc7 Qxb6 47. Rc4 Qd6+ 48. Kh1 Qd1+ 49. Kh2 Kh5 50. Rg4 Qe1 0-1